00443nam a2200205Ia 4500003000400000005001700004008004100021020001800062040000700080041000800087082001700095100001800112245001600130250000600146260003300152300001400185365001300199650001700212650000800229OSt20230401094127.0210423s2008 xx 000 0 und d a9788174466365 cAL aeng a346.066 GULS aGULSHAN (S S) aCompany law a2 aNew DelhibExcel Booksc2008 ax,596bPB b280cINR aBusiness Law aLaw